[Event "28th Czech Open A 2017"]
[Site "Pardubice CZE"]
[Date "2017.07.21"]
[Round "1.1"]
[White "Laznicka, Viktor"]
[Black "Pajeken, Wolfgang"]
[Result "1-0"]
[WhiteTitle "GM"]
[BlackTitle "FM"]
[WhiteElo "2669"]
[BlackElo "2274"]
[WhiteFideId "316385"]
[BlackFideId "4622170"]
[EventDate "2017.07.21"]

1. Nf3 Nf6 2. d4 e6 3. Bg5 h6 4. Bh4 c5 5. e3 b6 6. Bd3 Bb7 7. O-O Be7 8. Qe2
Ne4 9. Bxe7 Qxe7 10. a4 O-O 11. a5 bxa5 12. Rxa5 Nc6 13. Ra3 Nb4 14. Bb5 Nd6 15.
dxc5 Nxb5 16. Qxb5 Bxf3 17. Qxb4 Qg5 18. g3 Rfb8 19. Qd4 a5 20. Nd2 Bc6 21. Rb3
Rxb3 22. cxb3 Rb8 23. Rc1 Rb4 24. Qd3 Qh5 25. e4 f5 26. exf5 exf5 27. f4 Qf7 28.
Kf2 Qh5 29. h4 Qg4 30. Qe3 Qh3 31. Ke2 a4 32. Kd3 axb3 33. Kc3 Rb8 34. Nxb3 Qg2
35. Nd2 Be4 36. Rg1 Qh2 37. Ra1 d6 38. cxd6 Rc8+ 39. Kd4 Bc6 40. Qe6+ Kh7 41.
Qxf5+ g6 42. Ra7+ 1-0

[Event "28th Czech Open A 2017"]
[Site "Pardubice CZE"]
[Date "2017.07.21"]
[Round "1.2"]
[White "Karas, Marek"]
[Black "Gupta, Abhijeet"]
[Result "0-1"]
[WhiteTitle "FM"]
[BlackTitle "GM"]
[WhiteElo "2273"]
[BlackElo "2625"]
[WhiteFideId "14928558"]
[BlackFideId "5010608"]
[EventDate "2017.07.21"]

1. d4 Nf6 2. Bf4 g6 3. Nf3 Bg7 4. e3 O-O 5. Be2 d6 6. h3 b6 7. O-O Bb7 8. c4
Nbd7 9. Nc3 Ne4 10. Nxe4 Bxe4 11. Nd2 Bb7 12. Bf3 Bxf3 13. Nxf3 e5 14. dxe5 dxe5
15. Bg5 f6 16. Bh4 Nc5 17. b4 Qxd1 18. Raxd1 Ne4 19. Rd7 Rf7 20. Rfd1 Nd6 21.
Rxf7 Kxf7 22. c5 bxc5 23. bxc5 Ne8 24. Rb1 Bf8 25. Rb5 h5 26. Kf1 g5 27. Bg3 Rd8
28. Ra5 Rd1+ 29. Ke2 Rc1 30. Kd2 Rxc5 31. Rxa7 Nd6 32. Ne1 h4 33. Bh2 Ne4+ 34.
Ke2 Bd6 35. f3 Nc3+ 36. Kf1 Nd5 37. Bg1 Rc1 38. Ke2 Nc3+ 39. Kf1 e4 40. fxe4
Nxe4 41. Ke2 Nc3+ 42. Kf1 Rb1 43. a4 Ne4 44. Ke2 Ng3+ 45. Kf2 Kg6 0-1

[Event "28th Czech Open A 2017"]
[Site "Pardubice CZE"]
[Date "2017.07.21"]
[Round "1.3"]
[White "Stocek, Jiri"]
[Black "Strugnell, Carl"]
[Result "1-0"]
[WhiteTitle "GM"]
[BlackTitle "FM"]
[WhiteElo "2590"]
[BlackElo "2271"]
[WhiteFideId "304760"]
[BlackFideId "616753"]
[EventDate "2017.07.21"]

1. d4 Nf6 2. c4 e6 3. Nf3 d5 4. Nc3 Bb4 5. Qc2 O-O 6. Bg5 h6 7. Bh4 b6 8. cxd5
exd5 9. e3 c5 10. Be2 Nc6 11. dxc5 bxc5 12. O-O Be6 13. Rfd1 Bxc3 14. bxc3 Qe7
15. Qa4 Rfc8 16. Ba6 g5 17. Bxc8 Rxc8 18. Bg3 Ne4 19. Rac1 Qf6 20. Qa3 h5 21. h4
g4 22. Nd2 Nxg3 23. fxg3 Ne5 24. Rf1 Qg6 25. Qa6 Rc6 26. Qxa7 Rc8 27. Qe7 Ra8
28. a4 Qd3 29. Qg5+ Ng6 30. Nb3 Qc4 31. Rf6 Kg7 32. Rxg6+ fxg6 33. Qe7+ Bf7 34.
Nxc5 Re8 35. Qd6 Rxe3 36. Nd7 Qc8 37. Qf6+ Kg8 38. Qd4 Qxd7 39. Qxe3 Qxa4 40.
Qe7 d4 41. Rf1 1-0

[Event "28th Czech Open A 2017"]
[Site "Pardubice CZE"]
[Date "2017.07.21"]
[Round "1.4"]
[White "Chovan, Milan"]
[Black "Vorobiov, Evgeny E."]
[Result "1/2-1/2"]
[WhiteTitle "FM"]
[BlackTitle "GM"]
[WhiteElo "2269"]
[BlackElo "2585"]
[WhiteFideId "14933691"]
[BlackFideId "4121341"]
[EventDate "2017.07.21"]

1. d4 Nf6 2. c4 g6 3. Nc3 Bg7 4. e4 d6 5. Nf3 O-O 6. Be2 Nbd7 7. O-O e5 8. Be3
Re8 9. d5 Nh5 10. g3 Bf8 11. b4 Ng7 12. Rc1 f5 13. exf5 gxf5 14. Bg5 Be7 15.
Bxe7 Rxe7 16. Nh4 a5 17. a3 f4 18. Ne4 axb4 19. axb4 Rf7 20. Qc2 Nf8 21. Ra1 Rb8
22. Ra3 Ng6 23. Nf3 Rf8 24. Rc1 Bg4 25. Nfg5 Bf5 26. Bd3 Bxe4 27. Nxe4 Nf5 28.
Qd1 Nd4 29. Qg4 Kh8 30. Kh1 Qe7 1/2-1/2

[Event "28th Czech Open A 2017"]
[Site "Pardubice CZE"]
[Date "2017.07.21"]
[Round "1.5"]
[White "Gopal, G.N."]
[Black "Kuegel, Tobias"]
[Result "1-0"]
[WhiteTitle "GM"]
[WhiteElo "2580"]
[BlackElo "2268"]
[WhiteFideId "5015693"]
[BlackFideId "4636295"]
[EventDate "2017.07.21"]

1. e4 e5 2. Nf3 Nc6 3. Bb5 f5 4. d3 fxe4 5. dxe4 Nf6 6. O-O Bc5 7. Bxc6 bxc6 8.
Nxe5 O-O 9. Nc3 d6 10. Na4 Ba6 11. Nxc5 Bxf1 12. Qxf1 dxc5 13. Qc4+ Kh8 14. Be3
Qe8 15. f4 Nd7 16. Nxd7 Qxd7 17. Rf1 Rfb8 18. Bxc5 Rxb2 19. f5 Rd8 20. Qc3 Rdb8
21. Bxa7 R8b7 22. Be3 Rb1 23. Bc1 Qe7 24. e5 Qb4 25. Qg3 Rb5 26. h3 Qc5+ 27. Kh2
Qxe5 28. Bf4 Qa1 29. Be5 Qxe5 30. Qxe5 Rxe5 31. Rxb1 h5 32. a4 Rxf5 33. Ra1 Ra5
34. Kg3 g5 35. Kf3 Kg7 36. Ke4 Kf6 37. Kd4 Kf5 38. c4 c5+ 39. Kd5 Kf4 40. Ra3 g4
41. g3+ Kf5 42. h4 Kf6 43. Ra2 Kf5 44. Ra1 Kf6 45. Ke4 Ke6 46. Kf4 Kf6 47. Ra3
Ke6 48. Ra2 Kf6 49. Ra1 c6 50. Ra3 Ke6 51. Ra2 Kf6 52. Ra1 Ke6 53. Kg5 Ke5 54.
Kxh5 Kd4 55. Kxg4 Kxc4 56. h5 Kb3 57. h6 Kb2 58. h7 Kxa1 59. h8=Q+ Ka2 60. Qc3
Rxa4+ 61. Kf5 Ra3 62. Qc2+ Ka1 63. g4 c4 64. Qc1+ Ka2 65. Qxc4+ 1-0

[Event "28th Czech Open A 2017"]
[Site "Pardubice CZE"]
[Date "2017.07.21"]
[Round "1.6"]
[White "Babikov, Ivan"]
[Black "Deac, Bogdan-Daniel"]
[Result "1-0"]
[WhiteTitle "FM"]
[BlackTitle "GM"]
[WhiteElo "2267"]
[BlackElo "2579"]
[WhiteFideId "4161106"]
[BlackFideId "1226380"]
[EventDate "2017.07.21"]

1. e4 c6 2. d4 d5 3. exd5 cxd5 4. c4 Nf6 5. Nc3 e6 6. Nf3 Be7 7. cxd5 Nxd5 8.
Bd3 O-O 9. O-O Nf6 10. Re1 b6 11. Bg5 Bb7 12. a3 g6 13. Bc4 Nc6 14. Ba2 Re8 15.
Qd2 Na5 16. Ne5 Nh5 17. Nxf7 Kxf7 18. Bxe6+ Kg7 19. Bxe7 Rxe7 20. b4 Bc8 21. Ba2
Nb7 22. Rxe7+ Qxe7 23. Re1 Qd6 24. Qg5 Nf6 25. Ne4 Qe7 26. Re3 Ng8 27. Qd5 Nh6
28. Nc5 Qc7 29. Qxb7 Qxb7 30. Nxb7 Nf5 31. Rc3 Nxd4 32. Rc7+ Kf6 33. Rf7+ Kg5
34. Nd6 Ne2+ 35. Kf1 Nc3 36. f4+ Kh6 37. Bc4 b5 38. Bd3 Be6 39. Re7 Bb3 40. g4
Rd8 41. h3 Bg8 42. Nf7+ Bxf7 43. Rxf7 1-0

[Event "28th Czech Open A 2017"]
[Site "Pardubice CZE"]
[Date "2017.07.21"]
[Round "1.7"]
[White "Chigaev, Maksim"]
[Black "Urhegyi, Marton"]
[Result "0-1"]
[WhiteTitle "GM"]
[BlackTitle "FM"]
[WhiteElo "2578"]
[BlackElo "2267"]
[WhiteFideId "4108116"]
[BlackFideId "740411"]
[EventDate "2017.07.21"]

1. e4 c5 2. Nf3 d6 3. d4 cxd4 4. Nxd4 Nf6 5. Nc3 g6 6. Be3 Bg7 7. f3 O-O 8. Qd2
Nc6 9. Bc4 Bd7 10. Bb3 Rc8 11. h4 h5 12. O-O-O Ne5 13. Bg5 Rc5 14. Kb1 Re8 15.
g4 hxg4 16. h5 Nxh5 17. Rdg1 Qa5 18. Bh6 Bf6 19. f4 Nc4 20. Bxc4 Rxc4 21. e5
dxe5 22. Nb3 Rd4 23. Qh2 Qc7 24. f5 g3 25. Qe2 Bxf5 26. Nb5 Qc6 27. N5xd4 exd4
28. Nc1 Qe4 29. Qd2 Qg4 30. Re1 e5 31. Nd3 e4 32. Qb4 Rc8 33. Nc1 Kh7 34. Qxb7
Kxh6 35. Qxf7 Bg7 36. Ka1 Rxc2 37. Nd3 exd3 38. Re7 Qh3 0-1

[Event "28th Czech Open A 2017"]
[Site "Pardubice CZE"]
[Date "2017.07.21"]
[Round "1.8"]
[White "Ewert, Hannes"]
[Black "Ghosh, Diptayan"]
[Result "0-1"]
[WhiteTitle "FM"]
[BlackTitle "GM"]
[WhiteElo "2266"]
[BlackElo "2569"]
[WhiteFideId "12961574"]
[BlackFideId "5045207"]
[EventDate "2017.07.21"]

1. e4 e5 2. Nf3 Nc6 3. Bb5 a6 4. Ba4 Nf6 5. O-O Be7 6. Re1 b5 7. Bb3 d6 8. c3
O-O 9. h3 Nb8 10. d4 Nbd7 11. Nbd2 Bb7 12. Bc2 Re8 13. Nf1 Bf8 14. Ng3 g6 15. a4
c5 16. d5 c4 17. Be3 Nc5 18. Nh2 h5 19. Qb1 Qc7 20. axb5 axb5 21. Rxa8 Bxa8 22.
Ngf1 Bb7 23. Nd2 Nfd7 24. g4 Nf6 25. f3 Be7 26. Nhf1 Kg7 27. Qd1 Rh8 28. Kg2
hxg4 29. hxg4 Nfd7 30. Ng3 Qd8 31. Rh1 Rxh1 32. Nxh1 Bg5 33. Bf2 Nb6 34. b4 cxb3
35. Nxb3 Nc4 36. Qe2 Na4 37. Bd3 Qc7 38. Qe1 Ba6 39. Ng3 Nxc3 40. Bf1 b4 41. Ne2
Nb2 0-1

[Event "28th Czech Open A 2017"]
[Site "Pardubice CZE"]
[Date "2017.07.21"]
[Round "1.9"]
[White "Maslak, Konstantin"]
[Black "Montilli, Vincenzo"]
[Result "1/2-1/2"]
[WhiteTitle "GM"]
[WhiteElo "2566"]
[BlackElo "2266"]
[WhiteFideId "4130901"]
[BlackFideId "883913"]
[EventDate "2017.07.21"]

1. c4 Nf6 2. Nc3 c5 3. g3 Nc6 4. Bg2 d6 5. Nf3 g6 6. a3 Bg7 7. Rb1 Bd7 8. O-O
O-O 9. b4 b6 10. d3 h6 11. b5 Nd4 12. Nd2 Rb8 13. e3 Nf5 14. Bb2 e6 15. Qb3 Bc8
16. Nce4 Bb7 17. a4 Qe7 18. a5 Rfd8 19. Nxf6+ Bxf6 20. Ne4 Bg7 21. Bxg7 Kxg7 22.
Qb2+ f6 23. axb6 axb6 24. Ra1 d5 25. cxd5 exd5 26. Nd2 Ra8 27. h4 h5 28. Rfe1
Nd6 29. d4 Qd7 30. dxc5 bxc5 31. Rab1 Ra5 32. Qc3 Rxb5 33. Rxb5 Qxb5 34. Rb1 Qc6
35. Nb3 c4 36. Nd4 Qd7 37. Rb6 Qe7 38. Qb4 Ba8 39. Qa5 Kh7 40. Bxd5 Bxd5 41.
Qxd5 Qe4 42. Qxe4 Nxe4 43. Rc6 c3 44. Rc7+ Kh8 45. f3 Nxg3 46. Kf2 Nf5 47. Nxf5
gxf5 48. Rxc3 Kg7 49. Rc4 1/2-1/2

[Event "28th Czech Open A 2017"]
[Site "Pardubice CZE"]
[Date "2017.07.21"]
[Round "1.10"]
[White "Kozusek, Daniel"]
[Black "Brkic, Ante"]
[Result "0-1"]
[BlackTitle "GM"]
[WhiteElo "2265"]
[BlackElo "2565"]
[WhiteFideId "349500"]
[BlackFideId "14506688"]
[EventDate "2017.07.21"]

1. d4 d5 2. Bf4 c5 3. e3 Nc6 4. c3 Nf6 5. Nd2 e6 6. Ngf3 cxd4 7. exd4 Nh5 8. Bg5
f6 9. Ne5 g6 10. Nxc6 bxc6 11. Be3 Bd6 12. Bh6 Kf7 13. g3 Ng7 14. Bd3 Nf5 15.
Bxf5 exf5 16. O-O Re8 17. Qf3 Be6 18. Bf4 Bf8 19. h4 h6 20. Nb3 g5 21. hxg5 hxg5
22. Bd2 Qd7 23. Kg2 Bd6 24. Rh1 Rh8 25. Rxh8 Rxh8 26. Rh1 Rxh1 27. Kxh1 f4 28.
gxf4 Bg4 29. Qd3 Bf5 30. Qf1 g4 31. Kg2 Be4+ 32. Kg3 Qf5 33. Be3 Qh5 34. Nd2 Bh1
35. f3 f5 36. fxg4 fxg4 37. Qg1 Qh3+ 38. Kf2 Be7 39. Nf1 Bh4+ 40. Ng3 Be4 41.
Bd2 Bd3 42. Qg2 Bxg3+ 0-1

[Event "28th Czech Open A 2017"]
[Site "Pardubice CZE"]
[Date "2017.07.21"]
[Round "1.11"]
[White "Lintchevski, Daniil"]
[Black "Jurek, Josef"]
[Result "1-0"]
[WhiteTitle "GM"]
[BlackTitle "IM"]
[WhiteElo "2562"]
[BlackElo "2263"]
[WhiteFideId "4171055"]
[BlackFideId "300993"]
[EventDate "2017.07.21"]

1. Nf3 Nf6 2. c4 b6 3. g3 c5 4. Bg2 Bb7 5. O-O g6 6. Nc3 Bg7 7. d4 cxd4 8. Qxd4
d6 9. Rd1 Nbd7 10. Be3 Rc8 11. Rac1 a6 12. b3 O-O 13. Qh4 Rc7 14. g4 h6 15. g5
hxg5 16. Nxg5 Bxg2 17. Kxg2 Re8 18. f3 Qb8 19. a4 Nc5 20. Nd5 Nxd5 21. cxd5 e5
22. b4 Nb3 23. Rxc7 Qxc7 24. Qh7+ Kf8 25. Ne4 Qc4 26. Re1 Qxb4 27. Bh6 Bxh6 28.
Qxh6+ Ke7 29. Qh4+ Kf8 30. Qh8+ Ke7 31. Qf6+ Kd7 32. Qxf7+ Kd8 33. Nf6 Qxa4 34.
Rb1 Rh8 35. Rxb3 Rxh2+ 36. Kxh2 Qh4+ 37. Kg2 Qg5+ 38. Ng4 1-0

[Event "28th Czech Open A 2017"]
[Site "Pardubice CZE"]
[Date "2017.07.21"]
[Round "1.12"]
[White "Bujnoch, Radek"]
[Black "Michalik, Peter"]
[Result "0-1"]
[BlackTitle "GM"]
[WhiteElo "2261"]
[BlackElo "2557"]
[WhiteFideId "313300"]
[BlackFideId "14907526"]
[EventDate "2017.07.21"]

1. e4 e5 2. Nf3 Nc6 3. d4 exd4 4. Nxd4 Nf6 5. Nc3 Bb4 6. Nxc6 bxc6 7. Qf3 Qe7 8.
Bg5 Qxe4+ 9. Be2 O-O 10. O-O-O Qxf3 11. Bxf3 d5 12. Ne2 Re8 13. Bxf6 gxf6 14. c4
Rb8 15. Ng3 dxc4 16. Bxc6 Rf8 17. Nh5 c3 18. Nxf6+ Kg7 19. Nh5+ Kh6 20. Ng3
cxb2+ 21. Kxb2 Bc5+ 22. Kc3 Bxf2 23. Bd7 Kg6 24. Bxc8 Rfxc8 25. Ne4 Bh4 26. g3
Be7 27. Rd7 Re8 28. h4 h5 29. g4 hxg4 30. h5+ Kf5 31. Ng3+ Kf4 32. Rd3 Bf6+ 33.
Kc4 Re6 34. Rf1+ Kg5 35. Rd5+ Kh6 36. Rdf5 Be5 37. Ne4 f6 38. Nf2 Rc6+ 39. Kd3
Rc3+ 40. Ke4 Rb4+ 41. Kd5 g3 42. Nd1 Rd3+ 43. Ke6 Rb1 0-1

[Event "28th Czech Open A 2017"]
[Site "Pardubice CZE"]
[Date "2017.07.21"]
[Round "1.13"]
[White "Dvoirys, Semen I."]
[Black "Kratochvil, Vit1"]
[Result "1-0"]
[WhiteTitle "GM"]
[WhiteElo "2552"]
[BlackElo "2261"]
[WhiteFideId "4100379"]
[BlackFideId "333808"]
[EventDate "2017.07.21"]

1. e4 c5 2. Nf3 Nc6 3. d4 cxd4 4. Nxd4 g6 5. c4 Bg7 6. Be3 Nf6 7. Nc3 d6 8. Be2
O-O 9. O-O Bd7 10. Qd2 Nxd4 11. Bxd4 Bc6 12. f3 a5 13. b3 Nd7 14. Be3 Nc5 15.
Rad1 Qb6 16. Nb5 Rfc8 17. Rfe1 Bxb5 18. cxb5 Qd8 19. Bc4 Qe8 20. Qd5 a4 21. h4
axb3 22. axb3 Rab8 23. h5 Nd7 24. hxg6 hxg6 25. b6 Ne5 26. Bb5 Qf8 27. Rc1 Rxc1
28. Rxc1 Bh6 29. Qd2 Bxe3+ 30. Qxe3 Qd8 31. Rc7 e6 32. f4 Ng4 33. Qh3 Qf6 34.
Qxg4 Qd4+ 35. Kh2 Qxb6 36. Rc3 Qxb5 37. Rh3 Kg7 38. Qh4 Rg8 39. e5 Kf8 40. exd6
Qd7 41. Qh6+ Ke8 42. Qg7 Rf8 43. Qd4 f6 44. Rc3 Qh7+ 45. Kg3 Rf7 46. Rc8+ Kd7
47. Qc4 e5 48. Rc7+ Ke8 49. Qe6+ Kf8 50. Qc8+ Kg7 51. Rxf7+ Kxf7 52. Qxb7+ 1-0

[Event "28th Czech Open A 2017"]
[Site "Pardubice CZE"]
[Date "2017.07.21"]
[Round "1.14"]
[White "Lederman, Leon"]
[Black "Babula, Vlastimil"]
[Result "0-1"]
[WhiteTitle "IM"]
[BlackTitle "GM"]
[WhiteElo "2260"]
[BlackElo "2551"]
[WhiteFideId "2800403"]
[BlackFideId "301264"]
[EventDate "2017.07.21"]

1. e4 c5 2. Nf3 d6 3. d4 cxd4 4. Nxd4 Nf6 5. Nc3 a6 6. f4 e6 7. Qf3 Qb6 8. Nb3
Qc7 9. g4 b5 10. a3 Bb7 11. g5 Nfd7 12. Bd3 Nc6 13. Be3 Be7 14. O-O-O b4 15.
axb4 Nxb4 16. Qh3 O-O 17. Rhf1 Rfc8 18. f5 exf5 19. exf5 Ne5 20. Kb1 Qd7 21. Qh4
Nbxd3 22. cxd3 Bf3 23. Rc1 Rab8 24. Nd4 Nxd3 25. b3 Nxc1 26. Rxc1 Qb7 27. f6 Bf8
28. Kb2 g6 29. Qf2 Bd5 30. Qc2 Rc4 31. Ka1 Rb4 32. Nxd5 Qxd5 33. Qc3 Rxb3 0-1

[Event "28th Czech Open A 2017"]
[Site "Pardubice CZE"]
[Date "2017.07.21"]
[Round "1.15"]
[White "Hauchard, Arnaud"]
[Black "Shailesh, Dravid"]
[Result "1/2-1/2"]
[WhiteTitle "GM"]
[WhiteElo "2550"]
[BlackElo "2260"]
[WhiteFideId "600113"]
[BlackFideId "25017969"]
[EventDate "2017.07.21"]

1. Nf3 Nf6 2. g3 g6 3. Bg2 Bg7 4. O-O O-O 5. c4 c6 6. d3 d5 7. Qc2 Nbd7 8. Nc3
dxc4 9. dxc4 e5 10. b3 Re8 11. e4 Nc5 12. Rd1 Qc7 13. Be3 Ne6 14. h3 b6 15. b4
Bb7 16. c5 bxc5 17. bxc5 Bf8 18. Na4 Ba6 19. Ng5 Nxg5 20. Bxg5 Nd7 21. Be3 Bb5
22. Rac1 Red8 23. Nc3 Nxc5 24. Nxb5 cxb5 25. Bf1 Rxd1 26. Rxd1 a6 27. a4 bxa4
28. Rd5 Ne6 29. Qxa4 Bc5 30. Bxc5 Nxc5 31. Qc2 Rc8 32. h4 Ne6 33. Qxc7 Rxc7 34.
Bxa6 Nc5 1/2-1/2

[Event "28th Czech Open A 2017"]
[Site "Pardubice CZE"]
[Date "2017.07.21"]
[Round "1.16"]
[White "Smid, Miroslav"]
[Black "Ladva, Ottomar"]
[Result "0-1"]
[BlackTitle "GM"]
[WhiteElo "2260"]
[BlackElo "2531"]
[WhiteFideId "318906"]
[BlackFideId "4500024"]
[EventDate "2017.07.21"]

1. c4 e6 2. g3 d5 3. Nf3 dxc4 4. Bg2 Nd7 5. Qc2 a6 6. Na3 b5 7. Ne5 Nxe5 8. Bxa8
c6 9. f4 Qd5 10. Rf1 Ng4 11. h3 Nh2 12. e4 Qh5 13. Bxc6+ Bd7 14. Bxd7+ Kxd7 15.
e5 Nf3+ 16. Kf2 Qxh3 17. Nxc4 Bc5+ 18. Ne3 Bxe3+ 19. dxe3 Qh2+ 0-1

[Event "28th Czech Open A 2017"]
[Site "Pardubice CZE"]
[Date "2017.07.21"]
[Round "1.17"]
[White "Paravyan, David"]
[Black "Zlatin, Alexander"]
[Result "1-0"]
[WhiteTitle "IM"]
[WhiteElo "2531"]
[BlackElo "2259"]
[WhiteFideId "4194985"]
[BlackFideId "2810549"]
[EventDate "2017.07.21"]

1. e4 e5 2. Nf3 Nc6 3. Bb5 a6 4. Ba4 Nf6 5. O-O b5 6. Bb3 Bc5 7. c3 d6 8. d4 Bb6
9. Be3 O-O 10. Nbd2 h6 11. h3 Re8 12. a4 Rb8 13. Re1 exd4 14. cxd4 Na5 15. Bc2
Bb7 16. b4 Nc4 17. Nxc4 bxc4 18. a5 Ba7 19. d5 Bxe3 20. Rxe3 c6 21. Ba4 Rxe4 22.
Rxe4 Nxe4 23. dxc6 Bc8 24. Qd5 Nf6 25. Qxc4 Ne8 26. Nd4 Nc7 27. Re1 Qf6 28. Bb3
Be6 29. Nxe6 Re8 30. Nxc7 Rxe1+ 31. Kh2 d5 32. Nxd5 Qxf2 33. c7 Qg1+ 34. Kg3
Re3+ 35. Nxe3 1-0

[Event "28th Czech Open A 2017"]
[Site "Pardubice CZE"]
[Date "2017.07.21"]
[Round "1.18"]
[White "Taranenko, Evgueniy"]
[Black "Plat, Vojtech"]
[Result "1/2-1/2"]
[BlackTitle "IM"]
[WhiteElo "2255"]
[BlackElo "2531"]
[WhiteFideId "14122138"]
[BlackFideId "325740"]
[EventDate "2017.07.21"]

1. Nc3 e5 2. a3 Nf6 3. d4 Nc6 4. e3 d6 5. Bb5 Bd7 6. Nf3 e4 7. Nd2 d5 8. O-O Bd6
9. f3 exf3 10. Qxf3 O-O 11. Nxd5 Ng4 12. Nf4 g5 13. h3 Nxe3 14. Qxe3 Bxf4 15.
Qd3 a6 16. Bc4 Kh8 17. Nf3 Bxc1 18. Raxc1 g4 19. hxg4 Bxg4 20. c3 f6 21. Qe4 Qd7
22. Rce1 Qg7 23. Qf4 Rad8 24. Nh4 Qg5 25. Nf5 Bxf5 26. Qxf5 Qg7 27. Qf4 f5 28.
Rf3 Rd6 29. Rg3 Qf6 30. Rge3 Qg7 31. Rg3 Qf6 32. Rge3 Qg7 1/2-1/2

[Event "28th Czech Open A 2017"]
[Site "Pardubice CZE"]
[Date "2017.07.21"]
[Round "1.19"]
[White "Lalith, Babu M R"]
[Black "Slovak, Kilian"]
[Result "1-0"]
[WhiteTitle "GM"]
[WhiteElo "2530"]
[BlackElo "2254"]
[WhiteFideId "5024595"]
[BlackFideId "365440"]
[EventDate "2017.07.21"]

1. Nf3 g6 2. d4 Bg7 3. c4 Nf6 4. Nc3 d6 5. e4 O-O 6. h3 e5 7. d5 a5 8. Be2 Na6
9. Be3 Nh5 10. g3 Nc5 11. Nd2 Nf6 12. Qc2 Ne8 13. g4 f5 14. exf5 gxf5 15. O-O-O
Kh8 16. f3 Bd7 17. h4 a4 18. a3 c6 19. dxc6 Bxc6 20. gxf5 Qf6 21. Bxc5 dxc5 22.
Bd3 Nd6 23. Nce4 Nxe4 24. Nxe4 Bxe4 25. Bxe4 Bh6+ 26. Kb1 Be3 27. Rd7 Bd4 28.
Rxb7 Rab8 29. Rb5 Rg8 30. h5 Qa6 31. Bd3 Qf6 32. Rc1 Ra8 33. Be4 Ra7 34. Bd5 Rf8
35. Be6 Rd8 36. Rd1 Rf8 37. Qe4 Rg7 38. Qc2 Ra7 39. Rd2 Qg5 40. Rh2 Qh6 41. Ka2
Rd8 42. Qd2 Qf6 43. Rg2 Rg7 44. Rxg7 Qxg7 45. Qa5 Rf8 46. Qxa4 Qg5 47. Rb7 Qxh5
48. Qd7 Qh6 49. Qe7 Be3 50. f6 1-0

[Event "28th Czech Open A 2017"]
[Site "Pardubice CZE"]
[Date "2017.07.21"]
[Round "1.20"]
[White "Poulopoulos, Ioannis"]
[Black "Stefansson, Hannes"]
[Result "0-1"]
[BlackTitle "GM"]
[WhiteElo "2252"]
[BlackElo "2530"]
[WhiteFideId "4218078"]
[BlackFideId "2300087"]
[EventDate "2017.07.21"]

1. c4 e5 2. g3 Nf6 3. Bg2 c6 4. Nf3 e4 5. Nd4 d5 6. cxd5 Qxd5 7. e3 Qe5 8. f4
exf3 9. Nxf3 Qh5 10. Nc3 Bd6 11. O-O O-O 12. d4 Bf5 13. Nh4 Qxd1 14. Rxd1 Bg4
15. Re1 Na6 16. a3 Rad8 17. e4 Bc7 18. Be3 Bb6 19. h3 Be6 20. Rad1 Bb3 21. Rd2
c5 22. d5 Nd7 23. Nf3 Rfe8 24. Rf2 Bc4 25. Bf1 Bxf1 26. Kxf1 Ba5 27. Bd2 Nc7 28.
Rfe2 Bxc3 29. Bxc3 Nb5 30. Bd2 Ne5 31. Nxe5 Rxe5 32. a4 Nd4 33. Bc3 f5 34. Bxd4
cxd4 35. Rd2 fxe4 36. Rxd4 Rdxd5 37. Rdxe4 Rxe4 38. Rxe4 Rd3 39. Rb4 Rxg3 40.
Rxb7 Rxh3 41. Kg2 Rd3 42. Rxa7 Rd2+ 43. Kg3 Rxb2 44. a5 h5 45. Kh4 Rb5 46. a6
Kh7 47. Rb7 Ra5 48. a7 Kh6 49. Kg3 Ra4 50. Kh3 Ra3+ 51. Kg2 h4 52. Kh2 g5 53.
Rb6+ Kh5 54. Rb7 Ra2+ 55. Kh1 h3 56. Rh7+ Kg4 57. Rb7 Kg3 58. Rb3+ Kh4 59. Rb4+
g4 60. a8=Q Rxa8 61. Kh2 Ra2+ 62. Kg1 Rg2+ 63. Kh1 Rf2 64. Kg1 Re2 65. Rb3 Re1+ 0-1

[Event "28th Czech Open A 2017"]
[Site "Pardubice CZE"]
[Date "2017.07.21"]
[Round "1.21"]
[White "Demidov, Mikhail"]
[Black "Barrish, Daniel"]
[Result "1-0"]
[WhiteTitle "IM"]
[BlackTitle "FM"]
[WhiteElo "2524"]
[BlackElo "2249"]
[WhiteFideId "4197143"]
[BlackFideId "14304600"]
[EventDate "2017.07.21"]

1. Nf3 Nf6 2. g3 b6 3. Bg2 Bb7 4. c4 g6 5. Nc3 Bg7 6. O-O O-O 7. d4 Ne4 8. Bd2
c5 9. d5 Nxc3 10. Bxc3 Bxc3 11. bxc3 d6 12. e4 e5 13. dxe6 fxe6 14. e5 dxe5 15.
Nxe5 Bxg2 16. Kxg2 Qc7 17. Re1 Nc6 18. Nf3 Rae8 19. Qe2 Rf5 20. Rad1 Ref8 21.
Qxe6+ Qf7 22. Qxf7+ R8xf7 23. Rd3 Na5 24. Re4 h5 25. h3 Kg7 26. g4 hxg4 27. hxg4
Rf4 28. Rxf4 Rxf4 29. Kg3 Rxc4 30. g5 Nc6 31. Rd7+ Kf8 32. Rd6 Ne7 33. Rf6+ Ke8
34. Ne5 Rxc3+ 35. Kg4 Rc2 36. f4 Rg2+ 37. Kf3 Rxa2 38. Nxg6 Nxg6 39. Rxg6 b5 40.
Rg8+ Kf7 41. Rb8 b4 42. f5 Ra6 43. g6+ Kg7 44. Rb7+ Kf8 45. Kf4 Rb6 46. Rxa7 b3
47. Ra8+ Kg7 48. Kg5 b2 49. f6+ Rxf6 50. Ra7+ Kg8 51. Kxf6 1-0

[Event "28th Czech Open A 2017"]
[Site "Pardubice CZE"]
[Date "2017.07.21"]
[Round "1.22"]
[White "Karayev, Kanan"]
[Black "Geller, Jakov"]
[Result "0-1"]
[WhiteTitle "FM"]
[BlackTitle "GM"]
[WhiteElo "2247"]
[BlackElo "2519"]
[WhiteFideId "13406671"]
[BlackFideId "4151984"]
[EventDate "2017.07.21"]

1. Nf3 d5 2. g3 Nf6 3. Bg2 e6 4. O-O Be7 5. d3 O-O 6. b3 c5 7. Bb2 Nc6 8. Nbd2
b6 9. Ne5 Nxe5 10. Bxe5 Bb7 11. e4 Qd7 12. Qe2 Rfd8 13. Rad1 b5 14. f4 a5 15. g4
dxe4 16. dxe4 Qc6 17. Bxf6 gxf6 18. Nb1 c4 19. e5 Bc5+ 20. Kh1 cxb3 21. cxb3
Qxg2+ 22. Qxg2 Bxg2+ 23. Kxg2 fxe5 24. fxe5 Rd4 25. Kf3 Rad8 26. Rxd4 Rxd4 27.
Rc1 Bb4 28. Rc8+ Kg7 29. Rc1 Rd3+ 30. Ke4 Rh3 31. Rc2 Kg6 32. Rf2 Bc5 33. Rc2
Bg1 34. Rg2 Re3+ 35. Kf4 Re1 36. Na3 Bd4 37. Nxb5 Bxe5+ 38. Kf3 Rh1 39. Re2 f6
40. Na3 Rxh2 41. Rxh2 Bxh2 42. Nc4 Bc7 43. a3 h5 44. gxh5+ Kxh5 45. b4 axb4 46.
axb4 f5 47. b5 e5 48. b6 Bb8 49. Na5 e4+ 50. Ke2 f4 51. b7 f3+ 52. Ke3 Ba7+ 53.
Kd2 e3+ 54. Ke1 Bb8 0-1